000 00600nam a22002057a 4500
999 _c7807
_d7807
001 7807
003 BD-JhCC
005 20180214110911.0
008 180214b1951 bg ||||| |||| 00| 0 ben d
035 _a(BD-JhCC) 7807
040 _aBD-JhCC
_dBD-JhCC
041 _aben
082 _a909
_bHOR 1951
100 _aঅঙ্কিত, জে এফ হোরাবিন
245 _aবিশ্ব ইতিহাস প্রসঙ্গ /
_cজে এফ হোরাবিন অঙ্কিত
300 _a942 p. :
_c22 cm.
650 _aWorld history
942 _2ddc
_cBK